Zespoły Formuły 1 według logo - Statystyki

Ogólne statystyki
  • Ten quiz został rozwiązany 6 036 razy
    1 731 od ostatniego zresetowania
  • Średni wynik to 8 z 11
Statystyki odpowiedzi
Obrazkowy Odpowiedź % Poprawnych
Ferrari
99%
Mercedes
99%
Red Bull
99%
Audi
92%
Aston Martin
84%
McLaren
81%
Cadillac
65%
Williams
63%
Alpine
60%
Haas
55%
Racing Bulls
45%
Nie znaleziono quizów pasujących do podanych kryteriów
Rozkład punktacji
Procent ludzi z każdym wynikiem
Percentyl według liczby udzielonych odpowiedzi
Twoja historia wyników
Nie rozwiązałeś tego quizu od ostatniego zresetowania